[Event "SVK-chT5 SE-SI 1920"]
[Site "Slovakia"]
[Date "2020.06.27"]
[Round "10.2"]
[White "Jancik, James"]
[Black "Benci, Jozef1111"]
[Result "0-1"]
[WhiteElo "1000"]
[BlackElo "1127"]
[PlyCount "74"]
[EventDate "2019.10.19"]
[EventType "team-tourn"]
[EventRounds "14"]
[EventCountry "SVK"]
[SourceTitle "EXT 2022"]
[Source "ChessBase"]
[SourceDate "2021.10.06"]
[SourceVersion "1"]
[SourceVersionDate "2021.10.06"]
[SourceQuality "1"]
[WhiteTeam "Skalica IV"]
[BlackTeam "Senica CVC III"]
[WhiteTeamCountry "SVK"]
[BlackTeamCountry "SVK"]

1. e4 e5 2. Nc3 Nf6 3. Bc4 Nc6 4. Nf3 Bc5 5. Nd5 d6 6. c3 Bg4 7. h3 Bh5 8. Nxf6+ Qxf6 9. d4 Bxf3 10. Qxf3 Qxf3 11. gxf3 exd4 12. Be3 dxe3 13. fxe3 Bxe3 14. Kd1 0-0-0 15. Re1 Bg5 16. Kc2 Ne5 17. b3 Nxc4 18. bxc4 Rhe8 19. Rad1 c6 20. Rf1 f6 21. f4 Bh6 22. c5 d5 23. exd5 Rxd5 24. Rxd5 cxd5 25. f5 Rd8 26. Rb1 d4 27. c4 d3+ 28. Kc3 d2 29. a4 d1Q 30. Rxd1 Rxd1 31. Kb4 Rd3 32. a5 Kc7 33. Kb5 a6+ 34. Ka4 Kc6 35. h4 Kxc5 36. h5 Bc1 37. h6 Ra3# 0-1